00845nam a2200241 i 4500003000900000005001700009007000300026008003500029020001800064040003400082082002900116100004100145245005800186264007100244300002500315336002700340337003300367338002800400500007000428586005700498650002200555650002600577DO-SdBPM20260427092455.0ta250402t2024 dr 000 pdspa d z9789945510652 aDO-SdBPMbspacBPMSU erdad 04aRD862.44bV182m 20242221 aVallejo, Osiris,d1971-eautor4aut.10aMala gente :b(obra en tres actos ) /cOsiris Vallejo aSanto Domingo :bEditora Nacional,bMinisterio de Cultura, c2024. a90 páginasc21 cm. atextobtxt2rdacontent asin mediaciónbn2rdamedia avolumenbnc2rdacarrier aIncluye datos biográficos del autor en la solapa de la cubierta aPremio Anual de Teatro Cristóbal de Llerena, 2023. 7aTeatro dominicano 7aLiteratura dominicana